| 000 | 01782nam a2200529 i 4500 | ||
|---|---|---|---|
| 001 | 41780 | ||
| 003 | KOSZ 005 | ||
| 005 | 20220603135450.0 | ||
| 008 | 000417s2000 pl a f f |000 0 pol | ||
| 015 | _aPB 2000/9583 | ||
| 020 | _a8386890770 | ||
| 035 | _a991013788639705066 | ||
| 035 | _a(PL-WaBN)b1371028x-48omnis_nlop | ||
| 035 | _ab1371028x | ||
| 035 | _a(OCoLC)749348301 | ||
| 035 | _a(PL)b0000001371028 | ||
| 035 | _a(EXLNZ-48OMNIS_NETWORK)9910315377105606 | ||
| 040 |
_aWA N _cWA N _dKOSZ 005/HR |
||
| 041 | 0 | _apol | |
| 046 | _k2000 | ||
| 080 | _a005.95/.96 | ||
| 080 | _a331.1 | ||
| 080 | _a(075.8) | ||
| 245 | 0 | 0 |
_aZasoby ludzkie w firmie : _borganizacja, kierowanie, ekonomika : podręcznik / _cpod red. Alicji Sajkiewicz ; Joanna Górska [et al.]. |
| 260 |
_aWarszawa : _b"Poltext", _c2000. |
||
| 300 |
_a344 s. : _bil. ; _c24 cm. |
||
| 336 |
_2rdacarrier _aWolumin _bnc |
||
| 337 |
_2rdamedia _aBez urządzenia pośredniczącego _bn |
||
| 338 |
_2rdacarrier _aWolumin _bnc |
||
| 380 | _aKsiążki | ||
| 380 | _aPublikacje dydaktyczne | ||
| 385 |
_mPoziom nauczania _aSzkoły wyższe |
||
| 388 | _a1901-2000 | ||
| 388 | _a1989-2000 | ||
| 490 | 1 | _aWarsztaty Menedżerskie | |
| 504 | _aBibliogr. przy rozdz. | ||
| 650 | 7 |
_aZarządzanie zasobami ludzkimi (HRM) _2DBN |
|
| 655 | 7 |
_aPodręczniki akademickie _2DBN |
|
| 658 | _aZarządzanie i marketing | ||
| 700 | 1 |
_aGórska, Joanna _c(ekonomia) _eAutor |
|
| 710 | 2 |
_aWydawnictwo Poltext _4pbl |
|
| 700 | 1 |
_aSajkiewicz, Alicja _d(1927-2020) _eRedakcja |
|
| 830 | 0 | _aWarsztaty Menedżerskie | |
| 856 |
_uhttp://koha.tu.koszalin.pl/cgi-bin/koha/opac-detail.pl?biblionumber=41780 _yKatalog online BPK |
||
| 942 |
_2UKD _cKS |
||
| 999 |
_c41780 _d41780 |
||